Obálka Náhled e-knihy:
PDF Epub
Pro půjčování e-knih musíte být přihlášeni.
Jak si půjčit online?

Malý princ /

Pohádkové vyprávění o vysněném malém princi, který přichází z neznámé planety a snaží se pochopit lidský svět. Kapesní vydání.

Uloženo v:
Hlavní autor: Saint-Exupéry, Antoine de, 1900-1944 (Autor)
Další autoři: Podaný, Richard, 1962- (Autor)
Médium: E-kniha
Jazyk:Czech
Vydáno: Praha : Albatros, 2017
Vydání:18. vydání v Albatrosu,
Témata:
Tagy:
Žádné tagy
LEADER 02769nam a2200493 i 4500
001 310824
003 CZ PrSKC
005 20260601215655.0
007 ta
008 170817s2017 xr a c 000 f cze
015 |a cnb002926319 
020 |a 9788000047621  |q (vázáno) :  |c Kč 129,00 
035 |a (OCoLC)1003289263 
040 |a ABA001  |b cze  |e rda 
041 1 |a cze  |h fre 
072 7 |a 821.133.1-3  |x Francouzská próza, francouzsky psaná  |2 Konspekt 
072 7 |a 821-93  |x Literatura pro děti a mládež (beletrie)  |2 Konspekt 
080 |a 821.133.1-34  |2 MRF 
080 |a 821-93  |2 MRF 
080 |a (0:82-34)  |2 MRF 
100 1 |a Saint-Exupéry, Antoine de,  |d 1900-1944  |7 jn19990007304  |4 aut 
240 1 0 |a Petit prince.  |l Česky  |7 aun2008459274 
245 1 0 |a Malý princ /  |c Antoine de Saint-Exupéry ; z francouzštiny přeložil Richard Podaný 
250 |a 18. vydání v Albatrosu,  |b 5. v překladu Richarda Podaného 
264 1 |a Praha :  |b Albatros,  |c 2017 
300 |a 115 stran :  |b ilustrace (převážně barevné) ;  |c 16 cm 
336 |a text  |b txt  |2 rdacontent 
337 |a bez média  |b n  |2 rdamedia 
338 |a svazek  |b nc  |2 rdacarrier 
500 |a Na obálce: Kolibří vydání 
520 2 |a Pohádkové vyprávění o vysněném malém princi, který přichází z neznámé planety a snaží se pochopit lidský svět. Kapesní vydání. 
520 2 |a Pohádkově laděná alegorie, v níž se letec ztroskotavší v saharské poušti setkává s křehkou a nevinnou bytostí z vesmíru. Záhadný návštěvník v podobě malého chlapce vypravuje o prapodivných planetách a jejich obyvatelích, které na svých cestách potkal a kteří v půvabných metaforách ztělesňují nejrůznější lidské pošetilosti. Princův příběh s růží, hadem i namalovaným beránkem pak stejně poeticky připomíná, co je v životě opravdu důležité a na co člověk ve spěchu dospělých let tak často zapomíná. 
521 8 |a Pro čtenáře od 7 let 
655 7 |a francouzské pohádky  |7 fd132286  |2 czenas 
655 7 |a publikace pro děti  |7 fd133156  |2 czenas 
655 9 |a French fairy tales  |2 eczenas 
655 9 |a children's literature  |2 eczenas 
700 1 |a Podaný, Richard,  |d 1962-  |7 mzk2003183236  |4 trl 
900 |a ABA001  |b 20 
928 9 |a Albatros Media - Albatros 
044 |a xr 
910 |a RBIT002 
998 |d 175005  |a https://core.palmknihy.cz/api/books/175005/cover?6gh6ua  |b https://core.palmknihy.cz/api/books/175005/cover/400?cfos50  |c https://core.palmknihy.cz/api/books/175005/cover/50?85fcem  |e 2050-12-31  |g 120  |i 9788000047621  |j https://core.palmknihy.cz/api/books/175005/preview.epub  |k https://core.palmknihy.cz/api/books/175005/preview.pdf  |l   |q 49  |r 1  |s https://www.palmknihy.cz/kniha/175005  |t ebook  |y 2017  |z 0 
999 |d 310822